<?xml version="1.0" encoding="UTF-8"?>
<marc:record xmlns:marc="http://www.loc.gov/MARC21/slim">
   <marc:leader>00000nam a2200000 a 4500</marc:leader>
   <marc:datafield ind1=" " ind2=" " tag="653">
      <marc:subfield code="a">Kassette / Kinder- und Jugendbücher/Kinderbücher bis 11 Jahre</marc:subfield>
   </marc:datafield>
   <marc:datafield ind1=" " ind2=" " tag="653">
      <marc:subfield code="a">CD</marc:subfield>
   </marc:datafield>
   <marc:datafield ind1="0" ind2="0" tag="245">
      <marc:subfield code="a">Jodie Ahlborn liest Sunny Valentine</marc:subfield>
   </marc:datafield>
   <marc:datafield ind1="0" ind2="0" tag="245">
      <marc:subfield code="c">Irmgard Kramer. Regie: Uticha Marmon</marc:subfield>
   </marc:datafield>
   <marc:datafield ind1=" " ind2="1" tag="264">
      <marc:subfield code="a">Berlin</marc:subfield>
      <marc:subfield code="b">Argon</marc:subfield>
      <marc:subfield code="c">2015</marc:subfield>
   </marc:datafield>
   <marc:datafield ind1="1" ind2=" " tag="520">
      <marc:subfield code="a">Angaben aus der Verlagsmeldung

Sunny Valentine : Von Schaumbädern und tanzenden Rollschuhen / von Irmgard Kramer

Eigentlich sollte man meinen, Sunny Valentines verrücktes Haus sei nun zufrieden, nachdem Sunny ihm eine echte Prinzenunterhose als Fahne besorgt hat. Aber das Haus ist eine Diva, und nun hat es neue Wünsche. Es passt ihm nicht, jeden Morgen verlassen zu werden, weil die Kinder in die Schule gehen. Deshalb entführt es kurzerhand ihre Lehrerin, die alle Kinder sehr lieben!

Sunny, Amir und Flip sind verzweifelt, und schließlich sieht auch das Haus ein, dass die Lehrerin zurückkehren muss, da seine eigenen Versuche, die Kinder zu unterrichten, kläglich scheitern. Doch alle Versuche, die Lehrerin zurückzuholen, schlagen fehl und befördern nur Wildfremde aus New York in seine Küche. Schließlich gesteht das Haus seine Not ein und ruft Sunny um Hilfe...

Ein rasantes, herzerwärmendes Abenteuer mit Sunny Valentine und ihren Freunden!
</marc:subfield>
   </marc:datafield>
   <marc:datafield ind1=" " ind2=" " tag="020">
      <marc:subfield code="a">9783839840887</marc:subfield>
      <marc:subfield code="9">9783839840887</marc:subfield>
   </marc:datafield>
   <marc:datafield ind1=" " ind2=" " tag="020">
      <marc:subfield code="a">3839840880</marc:subfield>
      <marc:subfield code="9">3839840880</marc:subfield>
   </marc:datafield>
   <marc:datafield ind1="2" ind2=" " tag="024">
      <marc:subfield code="a">9783839840887</marc:subfield>
   </marc:datafield>
   <marc:datafield ind1=" " ind2=" " tag="041">
      <marc:subfield code="a">ger</marc:subfield>
   </marc:datafield>
   <marc:datafield ind1=" " ind2=" " tag="338">
      <marc:subfield code="a">Audiodisk</marc:subfield>
   </marc:datafield>
   <marc:datafield ind1=" " ind2=" " tag="300">
      <marc:subfield code="a">3 CDs (3 Std. 14 Min.)</marc:subfield>
   </marc:datafield>
</marc:record>
